Array signal processing /
Guardado en:
| Otros Autores: | |
|---|---|
| Formato: | Libro |
| Lenguaje: | inglés |
| Publicado: |
Englewood Cliffs :
Prentice Hall,
1985
|
| Etiquetas: |
Sin Etiquetas, Sea el primero en etiquetar este registro!
|
MARC
| LEADER | 00000nam a22000003a 4500 | ||
|---|---|---|---|
| 001 | stu124724 | ||
| 005 | 20150617225903.7 | ||
| 008 | 060817s1985----xxu-----------------eng-d | ||
| 040 | |a STU |b slo | ||
| 041 | 0 | |a eng | |
| 044 | |a xxu | ||
| 080 | |a 621.391.6.09 | ||
| 080 | |a 621.398 | ||
| 100 | 1 | |a Haykin, Simon |4 com | |
| 245 | 1 | |a Array signal processing / |c Ed.: Haykin, S. | |
| 260 | |a Englewood Cliffs : |b Prentice Hall, |c 1985 | ||
| 300 | |a 9, 433 s | ||
| 996 | |b E57997 |c E*57997 |l EE12 |s P |a 0 |w stu124724_0001 | ||